Statistics for Common Wine Varietals

Click here to take the quiz!

General Stats

  • This quiz has been taken 8,881 times
  • The average score is 9 of 33

Answer Stats

Varietal% Correct
Merlot
80%
Chardonnay
78%
Pinot Noir
74%
Pinot Grigio
69%
Cabernet Sauvignon
64%
Syrah
62%
Sauvignon Blanc
56%
Riesling
53%
Zinfandel
46%
Malbec
41%
Muscat
30%
Cabernet Franc
25%
Gewürztraminer
22%
Grenache
21%
Tempranillo
21%
Pinot Blanc
20%
Sangiovese
18%
Chenin Blanc
17%
Viognier
13%
Sémillon
12%
Nebbiolo
11%
Gamay
10%
Petite Sirah
10%
Barbera
9%
Carmenere
9%
Mourvèdre
8%
Grüner Veltliner
7%
Brunello
5%
Carignan
5%
Marsanne
5%
Trebbiano
5%
Dolcetto
4%
Charbono
3%

Score Distribution

Percentile by Number Answered

Percent of People with Each Score

Your Score History

You have not taken this quiz